| 000 | 00648 a2200169 4500 | ||
|---|---|---|---|
| 020 | _a8181282671 | ||
| 020 | _a8181282671 | ||
| 082 | 0 | 4 | _a512.7 |
| 090 |
_c395 _d395 |
||
| 100 | 1 | _aNathanson, Melvyn B. | |
| 245 | 1 | 0 |
_aMethods in number theory / _cMelvyn B. Nathanson. |
| 260 |
_a[S.l.] : _bSpringer, _c2005. |
||
| 300 |
_a440 p. ; _c24 cm. |
||
| 942 |
_aSNS _cBK _k512.7 NAT |
||
| 999 |
_c29027 _d29027 |
||